Statistics for Words that End in "-aste"

Click here to take the quiz!

General Stats

  • This quiz has been taken 140 times
    (114 since last reset)
  • The average score is 7 of 13

Answer Stats

Answer% Correct
Paste
99%
Waste
93%
Taste
91%
Haste
90%
Baste
84%
Caste
76%
Chaste
67%
Toothpaste
27%
Namaste
18%
Distaste
17%
Posthaste
16%
Aftertaste
7%
Lambaste
7%

Score Distribution

Percentile by Number Answered

Percent of People with Each Score

Your Score History

You have not taken this quiz since the last reset